La redacción hecha método

Salvato in:
Dettagli Bibliografici
Autori principali: Urdiales Recio, Carlos (Autore), Labajo Pelló, Aurelio (Autore)
Natura: Libro
Lingua:spagnolo
Pubblicazione: Madrid Bruño 1991
Edizione:1a. ed
Serie:Colección Nueva Escuela
Soggetti:
Tags: Aggiungi Tag
Nessun Tag, puoi essere il primo ad aggiungerne!!

MARC

LEADER 00000cam a2200000 a 4500
001 UCB0127
003 CL-VaPUC
005 20220831074512.0
008 191213e19910000sp spa d
020 |a 8421614851 
082 0 4 |a 808.0461  |b URD  |2 21 
100 1 |a Urdiales Recio, Carlos  |e author  |9 605442 
700 1 |a Labajo Pelló, Aurelio  |e author  |9 605443 
245 1 3 |a La redacción hecha método 
250 |a 1a. ed 
260 |a Madrid  |b Bruño  |c 1991 
300 |a 223 p 
490 0 |a Colección Nueva Escuela 
583 |a last modification  |c 20191213 11:48:00  |k Rodrigo Vera 
650 0 0 |a Redacción de textos  |9 446760 
650 0 0 |a Manuales  |9 257144 
650 0 0 |a Retórica   |9 266620 
942 |c BK 
945 |a dcastane  |d 20191213 11:48:00 
999 |c 376337  |d 376335 
952 |0 0  |1 0  |2 ddc  |3 erb  |4 0  |6 808_046100000000000_URD_1991  |7 0  |8 A  |9 495726  |a BIBEDU  |b BIBEDU  |i 5611962  |o 808.0461 URD 1991  |p 5611962  |r 2020-01-06  |w 2020-01-06  |y BK  |z Catalogado en:20191213  |k LIT